| 000 | 00358nam a22001577a 4500 | ||
|---|---|---|---|
| 020 | _a0-07-462043-6 | ||
| 041 | _aENG | ||
| 100 | _aBiswas.T.D | ||
| 245 | _aTex Tbook of Soil Science | ||
| 250 | _aSecond Ed | ||
| 260 |
_aDelhi _bTata Mcgraw -hill _c1999 |
||
| 300 | _a433 | ||
| 650 | _aAgricultural | ||
| 700 | _aMukherjee.S.K | ||
| 856 | _uAgricultural | ||
| 999 |
_c264 _d264 |
||